| 000 | 01058cam a22002535a 4500 | ||
|---|---|---|---|
| 999 |
_c27563 _d27534 |
||
| 005 | 20190625104448.0 | ||
| 008 | 100719t2010 enka frb 001 0 eng d | ||
| 020 | _z9780521734974 | ||
| 040 |
_aN$T _beng _cN$T _dYDXCP _dE7B _dCDX _dOCLCQ _dEG-ScBUE |
||
| 082 | 0 | 4 |
_a658.049 _222 _bSTE |
| 100 | 1 | _aSteers, Richard M. | |
| 245 | 1 | 0 |
_aManagement across cultures : _bchallenges and strategies / _cRichard M. Steers, Carlos Sanchez-Runde, Luciara Nardon. |
| 260 |
_aCambridge : _bCambridge University Press, _cc.2010. |
||
| 300 |
_axviii, 439 p. : _bill. ; _c24 cm. |
||
| 504 | _aIncludes bibliographical references and index. | ||
| 650 | 7 |
_aManagement _vCross-cultural studies. _2BUEsh _929351 |
|
| 650 | 7 |
_aInternational business enterprises _xManagement. _2BUEsh |
|
| 651 | _2BUEsh | ||
| 653 |
_bBUSADM _cJune2019 |
||
| 700 | 1 | _aSanchez-Runde, Carlos. | |
| 700 | 1 |
_aNardon, Luciara, _d1972- |
|
| 776 | 0 | 8 |
_iPrint version: _aSteers, Richard M. _tManagement across cultures. _dCambridge : Cambridge University Press, 2010 _z9780521513432 _w(OCoLC)465366201 |
| 942 | _2ddc | ||